Swan Hill Line (V/Line) - Statistics

General Stats
  • This quiz has been taken 48 times
  • The average score is 17 of 20
Answer Stats
# Answer % Correct
1 Swan Hill
100%
7 Bendigo
91%
19 Footscray
91%
8 Kangaroo Flat
91%
20 Southern Cross
91%
17 Sunbury
91%
18 Watergardens
91%
9 Castlemaine
82%
16 Clarkefield
82%
4 Dingee
82%
6 Eaglehawk
82%
14 Gisborne
82%
2 Kerang
82%
11 Kyneton
82%
13 Macedon
82%
10 Malmsbury
82%
3 Pyramid
82%
12 Woodend
82%
5 Raywood
73%
15 Riddells Creek
73%
No matching quizzes found
Score Distribution
Percent of People with Each Score
Percentile by Number Answered
Your Score History
You have not taken this quiz